LIBRARY & INFORMATION CENTRE, KCAET, TAVANUR

ONLINE PUBLIC ACCESS CATALOGUE (OPAC)

Dandy Dick / (Record no. 676)

MARC details
000 -LEADER
fixed length control field 00342cam a2200145ua 4500
041 ## - LANGUAGE CODE
Language code of text/sound track or separate title eng
082 ## - DEWEY DECIMAL CLASSIFICATION NUMBER
Classification number 822
Item number PIN/DA
100 ## - MAIN ENTRY--AUTHOR NAME
Personal name Pinero, Arthurwing .
245 ## - TITLE STATEMENT
Title Dandy Dick /
260 ## - PUBLICATION, DISTRIBUTION, ETC. (IMPRINT)
Place of publication London :
Name of publisher Heinemann ,
Year of publication 1964.
300 ## - PHYSICAL DESCRIPTION
Number of Pages 80 ; .
942 ## - ADDED ENTRY ELEMENTS (KOHA)
Koha item type Books
Holdings
Withdrawn status Lost status Damaged status Home library Current library Date acquired Cost, normal purchase price Full call number Accession Number Koha item type Public note
Withdrawn     KAUAET Sanskrit University 07/04/2012 6.60 822 6728 Books Transferred to Sanskrit University
free website counter